[Event "Acqui Terme Collino op 2nd"]
[Site "Acqui Terme"]
[Date "2017.11.04"]
[Round "2"]
[White "Torriano, Enzo"]
[Black "Cassano, Giuseppe"]
[Result "1-0"]
[WhiteElo "1758"]
[BlackElo "1536"]
[PlyCount "47"]
[EventDate "2017.11.03"]
[EventType "swiss"]
[EventRounds "5"]
[EventCountry "ITA"]
[SourceTitle "CBM 181 Extra"]
[Source "ChessBase"]
[SourceDate "2017.12.12"]
[SourceVersion "1"]
[SourceVersionDate "2017.12.12"]
[SourceQuality "1"]

1. e4 c5 2. c3 a6 3. Nf3 Nc6 4. d4 cxd4 5. cxd4 d5 6. exd5 Qxd5 7. Nc3 Qd8 8. d5 Na7 9. Bc4 Nf6 10. Qe2 b5 11. Bb3 Bb7 12. 0-0 Nc8 13. Bg5 Nd7 14. Rad1 Nc5 15. Bc2 h6 16. Bh4 g5 17. Bg3 Bg7 18. Ne5 0-0 19. Rfe1 Bxe5 20. Bxe5 Nd7 21. Qh5 Nxe5 22. Rxe5 Qd6 23. Re6 fxe6 24. Qg6+ 1-0